00381pab a2200133 454500008004000000100001700040245009000057260000900147300001200156362000900168650003100177700001900208773002000227180718b1989 xxu||||| |||| 00| 0 eng d aPrasad, R.R. aInter - Generational occupational mobility among the scheduled caste leather artisans c1989 a295-303 aMar. aLeather Industry and Trade aG. Rajanikanth aKhadi Gramodyog